Responses for Show #7271 - Monday, April 4, 2016

Contestants

[<< previous game]

Kerstin Nordstrom, a physics professor from Northampton, Massachusetts

Udit Banerjea, an international relations graduate student from Washington, D.C.

Todd Giese, a hotel front desk manager from New Orleans, Louisiana (whose 4-day cash winnings total $82,403)

[next game >>]

Jeopardy! Round responses

POETRY, NON-POETICALLY
ASSORTED FRUIT
TEXAS HISTORY
BRANDED
GRAMMY'S BEST NEW ARTIST
SCRABBLE PLAYERS DICTIONARY "D"
    $200 26
(Alex: You are right with less than a minute to go.)

Tennyson

Udit
    $200 1
a peach

Todd
    $200 19
(Udit: What is [*]?)
(Alex: Yeah, we'll accept that.)

oil & gas

Udit
    $200 3
Nabisco

Kerstin
    $200 8
Tom Jones

Udit
    $200 14
a digit

Udit
    $400 27
(Elizabeth Barrett) Browning

Udit
    $400 2
squash

Udit
    $400 20
Lee Harvey Oswald

Todd
    $400 4
Vicks

Kerstin
    $400 9
fun.

Kerstin
    $400 15
a ditty

Udit
    $600 28
Paul Revere

Kerstin
    $600 11
the Orange Bowl

Udit
    $600 21
(Stephen) Austin

Todd
    $600 5
(Todd: What is Bic?)

Zippo

ToddKerstin
    $600 10
Christina Aguilera

Todd
    $600 16
daikon

Udit
    $800 29
[end-of-round signal sounds]

"Auld Lang Syne"

Kerstin
    $800 24
Huckleberry

Kerstin
    $800 22
(Kersten: What is agriculture & mining?)
(Udit: What is agriculture & manufactoring?)
(Todd: What is agricultural & mechanic?)

agricultural & mechanical

ToddUditKerstin
Triple Stumper
    $800 6
(Udit: What is stevia?)

aspartame

UditKerstin
    $800 12
Hootie & the Blowfish

Kerstin
    $800 17
dowse

Udit
    $1000 25
the applecart

Todd
    $1000 23
Ann Richards

Udit
    $1000 7
Chef Boyardee

Udit
    $1,200 13
Amy Winehouse

Kerstin
    $1000 18
diluvian

Todd

Scores at the first commercial break (after clue 15):

Todd Udit Kerstin
$200 $2,000 $4,400

Scores at the end of the Jeopardy! Round:

Todd Udit Kerstin
$2,400 $4,400 $5,800

Double Jeopardy! Round responses

THE AZTECS
TV NICKNAMES
5-LETTER CAPITALS
THE BOOK OF PROVERBS SAYETH
HE VARNISHED
INTO THIN AIR
    $400 8
the heart

Todd
    $400 4
Bones

Kerstin
    $400 16
Paris

Todd
    $400 1
(Peter Paul) Rubens

Kerstin
    $400 21
the Bounty

Todd
    $800 9
Montezuma

Udit
    $800 5
Freaks and Geeks

Todd
    $800 17
Kabul

Udit
    $2,000 2
Stradivarius

Kerstin
    $800 22
an anti-particle

Udit
    $1200 10
algae

Todd
    $1200 13
Tootie

Todd
    $5,000 18
Rabat

Udit
    $1200 27
a woman

Triple Stumper
    $1200 3
(Kerstin.: Who is Monet?)

Van Gogh

Kerstin
Triple Stumper
    $1200 23
(Alex: The film is [*]. Less than a minute now, Udit.)

The Lady Vanishes

Triple Stumper
    $1600 11
a mace

Kerstin
    $1600 14
(Udit: What are Dreamy and Steamy?)

McSteamy & McDreamy

Udit
Triple Stumper
    $1600 19
Vaduz

Udit
    $1600 26
a fool

Kerstin
    $1600 6
Girl with a Pearl Earring

Todd
    $1600 24
Tetris

Todd
    $2000 12
(Todd: What is Cassiopeia?)

the Pleiades

Todd
Triple Stumper
    $2000 15
Dingbat

Triple Stumper
    $2000 20
Seoul

Udit
    $2000 28
[end-of-round signal sounds]

abomination

Todd
    $2000 7
art brut

Udit
    $2000 25
a leprechaun

Udit

Scores at the end of the Double Jeopardy! Round:

Todd Udit Kerstin
$10,000 $17,800 $10,600

[wagering suggestions for these scores]

Final Jeopardy! Round responses

BRITISH NOVELS
ToddWhat is Wuthering Heights?
$1,000
KerstinWhat is Wuthering Heights?
$10,001
UditWhat is Wuthering Heights?
$3,500
Wuthering Heights

Final scores:

Todd Udit Kerstin
$11,000 $21,300 $20,601
3rd place: $1,000 New champion: $21,300 2nd place: $2,000

Game dynamics:

Coryat scores:

Todd Udit Kerstin
$10,000 $14,000 $9,200
15 R,
3 W
20 R
(including 1 DD),
3 W
15 R
(including 2 DDs),
2 W

Combined Coryat: $33,200

[game clues] [game scores] [suggest correction]

Game tape date: 2016-02-23
The J! Archive is created by fans, for fans. Scraping, republication, monetization, and malicious use prohibited; this site may use cookies and collect identifying information. See terms. The Jeopardy! game show and all elements thereof, including but not limited to copyright and trademark thereto, are the property of Jeopardy Productions, Inc. and are protected under law. This website is not affiliated with, sponsored by, or operated by Jeopardy Productions, Inc. Join the discussion at JBoard.tv.